00618nam a2200169 i 450000100060000000300090000600500170001500700030003200800410003510000380007624500750011426000570018930000310024685200320027799900170030995201220032685660ES-MaACL20230906175259.0t|041130s1964 sp ||||1| spa d1 aJunceda Avelló, Enrique.96727313aEl saber ginecológico del Padre Feijoo / cEnrique Junceda Avelló. aOviedo : bInstituto de Estudios Asturianos, c1964. a74 p., 7 lám. ; c20 cm. aES-MaACLjC-27497 bR.55468 c85660d85660 00104070aATENEOMbATENEOMcDEPO2d2008-01-17eSCl0oC-27497p1089507r2023-02-23 00:00:00w2023-02-23yMONOGRAFIA